Saltar al contenido
Inicio
Centros participantes
Catálogo
Servicios
Contacto
כניסה לחשבון
English
Deutsch
Español
Français
Italiano
日本語
Nederlands
Português
Português (Brasil)
中文(简体)
中文(繁體)
Türkçe
עברית
Gaeilge
Cymraeg
Ελληνικά
Català
Euskara
Русский
Čeština
Suomi
Svenska
polski
Dansk
slovenščina
اللغة العربية
বাংলা
Galego
Tiếng Việt
Hrvatski
हिंदी
Հայերէն
Українська
Sámegiella
שפה
כל השדות
כותר
מחבר
נושא
סימן המיקום
ISBN/ISSN
תג
מצא
מתקדם
Hegemonías y emancipaciones en...
יצירת מראה מקום
שלח את זה
הדפסה
יצוא רשומה
יצוא אל RefWorks
יצוא אל EndNoteWeb
יצוא אל EndNote
הוספה למועדפים
Enlace Permanente
Exportación Completada —
Agregar primera valuación
Hegemonías y emancipaciones en el siglo XXI /
שמור ב:
מידע ביבליוגרפי
מחבר ראשי:
Ceceña, Ana Esther
מחבר תאגידי:
CLACSO
מחברים אחרים:
comp
פורמט:
Texto
יצא לאור:
Buenos Aires:
CLACSO
תגים:
הוספת תג
אין תגיות, היה/י הראשונ/ה לתייג את הרשומה!
מלאי ספרים
תיאור
הערות
פריטים דומים
תצוגת צוות
MARC
LEADER
00000 a a2200000 04500
001
30125
003
040
020
|a
950-9231-99-1
090
|a
194403
100
|a
Ceceña, Ana Esther
110
|a
CLACSO
245
|a
Hegemonías y emancipaciones en el siglo XXI /
|c
Ana Esther Ceceña
260
|a
Buenos Aires:
|b
CLACSO
300
|a
223 p.
700
|a
comp.
999
|c
8886
|d
8886
פריטים דומים
Hegemonías y emancipaciones en el siglo XXI /
מאת: Ceceña, Ana Esther
Hegemonías y emancipaciones en el siglo XXI /
מאת: Ceceña, Ana Esther
Hegemonías y emancipaciones en el siglo XXI /
מאת: Ceceña, Ana Esther
Hegemonías y emancipaciones en el siglo XXI /
מאת: Ceceña, Ana Esther
Hegemonías y emancipaciones en el siglo XXI /
מאת: Ceceña, Ana Esther